000 00994nam a22003014c 4500
003 AR-BaSMT
008 240627t2019 enka|||ar|||| 000 1 ing d
020 _a9781474964029
040 _aBSGB
_bespañol
_erda
041 0 _aing
_hInglés
080 _a82-34
100 1 _aPrentice, Andy
_9488
245 1 4 _aThe Golden Fish
264 _aLondres :
_bUsborne,
_c2019
300 _a24 páginas ;
_bilustraciones color
336 _2rdacontent
_atexto
_btxt
337 _2rdamedia
_asin mediación
_bn
338 _2rdacarrier
_avolumen
_bnc
490 _aUsborne English Readers Starter Level
500 _aWith activities and free audio
520 _aOne day, Ned catches a magic golden fish. ?You can have a wish,? the fish says. Ned doesn't wish for anything, but his brother Sam wishes for more and more?
521 _aPrimaria
650 7 _98
_aLITERATURA INFANTIL
_vInglés
650 7 _923
_aCUENTO
700 1 _aLópez, Jesús
_9487
942 _2ddc
_aBOOK
999 _c651
_d651